[Event "ACP Women Cup 2012"]
[Site "Tbilisi GEO"]
[Date "2012.02.20"]
[Round "7.1"]
[White "Cmilyte, Viktorija"]
[Black "Dzagnidze, Nana"]
[Result "0-1"]
[WhiteTitle "GM"]
[BlackTitle "GM"]
[WhiteElo "2503"]
[BlackElo "2535"]
[WhiteFideId "12801259"]
[BlackFideId "13601903"]
[EventDate "2012.02.18"]

1. d4 Nf6 2. c4 e6 3. Nc3 Bb4 4. Qc2 O-O 5. e4 d5 6. e5 Ne4 7. Bd3 c5 8. Nf3
cxd4 9. Nxd4 Nd7 10. Bf4 Ndc5 11. O-O Bxc3 12. bxc3 Bd7 13. Be2 Na4 14. cxd5
exd5 15. Bd3 Nac5 16. f3 Nxd3 17. Qxd3 Nc5 18. Qd2 Rc8 19. Bg5 Qa5 20. Be7 Rfe8
21. Bd6 Na4 22. Rac1 Rc4 23. Bb4 Qc7 24. f4 Rc8 25. Bd6 Qb6 26. Rf3 Bg4 27. Re3
g6 28. h3 Bd7 29. f5 Re8 30. Kh2 Nxc3 31. fxg6 hxg6 32. Rexc3 Qxd4 33. Qxd4 Rxd4
34. Rc7 Be6 35. Rxb7 Ra4 36. Rcb1 Rxa2 37. Rb8 Rxb8 38. Rxb8+ Kh7 39. Be7 Rc2
40. Ra8 d4 41. Bf6 g5 42. Rh8+ Kg6 43. Rg8+ Kf5 44. Rxg5+ Ke4 45. Rg8 d3 46. Rd8
d2 47. Bg5 Bd5 48. Bxd2 Rxd2 49. h4 Kxe5 50. Rg8 Rxg2+ 51. Rxg2 Bxg2 52. Kxg2 0-1

[Event "ACP Women Cup 2012"]
[Site "Tbilisi GEO"]
[Date "2012.02.20"]
[Round "7.2"]
[White "Lahno, Kateryna"]
[Black "Mamedjarova, Zeinab"]
[Result "1-0"]
[WhiteTitle "GM"]
[BlackTitle "WGM"]
[WhiteElo "2557"]
[BlackElo "2318"]
[WhiteFideId "14109336"]
[BlackFideId "13401521"]
[EventDate "2012.02.18"]

1. Nf3 Nf6 2. c4 c5 3. g3 g6 4. Bg2 Bg7 5. O-O O-O 6. d4 cxd4 7. Nxd4 Nc6 8. Nc3
Qa5 9. Nb3 Qa6 10. Nb5 Qa4 11. Nc7 Rb8 12. c5 b6 13. cxb6 axb6 14. h3 Bb7 15.
Be3 Nb4 16. Nd4 Qxd1 17. Rfxd1 e5 18. Bd2 Na6 19. Ndb5 Nxc7 20. Nxc7 Rfc8 21.
Rac1 Bc6 22. Bxc6 dxc6 23. Rxc6 Rb7 24. Rdc1 Ne4 25. Be3 Nc5 26. b4 Rbxc7 27.
Rxc7 Rxc7 28. bxc5 bxc5 29. Rxc5 Rxc5 30. Bxc5 f5 31. a4 e4 32. a5 1-0

[Event "ACP Women Cup 2012"]
[Site "Tbilisi GEO"]
[Date "2012.02.20"]
[Round "7.3"]
[White "Kosintseva, Tatiana"]
[Black "Muzychuk, Anna"]
[Result "1-0"]
[WhiteTitle "GM"]
[BlackTitle "IM"]
[WhiteElo "2513"]
[BlackElo "2580"]
[WhiteFideId "4133471"]
[BlackFideId "14111330"]
[EventDate "2012.02.18"]

1. e4 e5 2. Nf3 Nc6 3. Bb5 Nf6 4. d3 d6 5. O-O g6 6. d4 Bd7 7. Re1 Bg7 8. d5 Nb8
9. Bxd7+ Nbxd7 10. c4 a5 11. Nc3 Nc5 12. b3 O-O 13. Rb1 c6 14. dxc6 bxc6 15. Ba3
Qe7 16. Qd2 Rfd8 17. Rbd1 Ne8 18. Qc2 Nc7 19. Bxc5 dxc5 20. Rxd8+ Rxd8 21. Rd1
Ne6 22. Rxd8+ Qxd8 23. Na4 Nd4 24. Qd3 Nxf3+ 25. Qxf3 Qd2 26. g3 Qxa2 27. Nxc5
Bf8 28. Nd7 a4 29. bxa4 Qxa4 30. Qd3 Be7 31. Kg2 Qa5 32. Qb3 Qc7 33. Qb8+ Bd8
34. Nf6+ Kh8 35. Qxc7 Bxc7 36. Kf3 Bd8 37. Nd7 Bc7 38. Ke3 Kg7 39. Kd3 f6 40.
Nc5 Kf7 41. Nb3 Bb6 42. c5 Bd8 43. Kc4 Ke6 44. f3 f5 45. Nc1 Bg5 46. Nd3 Be3 47.
Nb4 Kd7 48. Nd3 Ke6 49. h3 h5 50. g4 fxg4 51. fxg4 hxg4 52. hxg4 Bd4 53. Nb4 Kd7
54. Nc2 Bf2 55. Nb4 Bd4 56. Nd3 Ke6 57. Kb4 Kf6 58. Ka5 Bxc5 59. Nxc5 Kg5 60.
Kb6 Kxg4 61. Kxc6 g5 62. Kd5 Kh4 63. Nd3 g4 64. Kxe5 g3 65. Ne1 Kg4 66. Kd4 Kf4
67. Kd3 1-0

[Event "ACP Women Cup 2012"]
[Site "Tbilisi GEO"]
[Date "2012.02.20"]
[Round "7.4"]
[White "Cramling, Pia"]
[Black "Kosintseva, Nadezhda"]
[Result "1/2-1/2"]
[WhiteTitle "GM"]
[BlackTitle "GM"]
[WhiteElo "2491"]
[BlackElo "2537"]
[WhiteFideId "1700030"]
[BlackFideId "4134974"]
[EventDate "2012.02.18"]

1. d4 Nf6 2. Nf3 d5 3. c4 e6 4. Nc3 Bb4 5. Qa4+ Nc6 6. e3 O-O 7. Qc2 Re8 8. a3
Bxc3+ 9. bxc3 Na5 10. Ne5 Nd7 11. Nxd7 Bxd7 12. cxd5 exd5 13. Bd3 h6 14. O-O c5
15. dxc5 Rc8 16. a4 Rxc5 17. Ba3 Rc8 18. Bd6 Qf6 19. Bb4 Nc6 20. Bc5 b6 21. Bd4
Nxd4 22. exd4 Qd6 23. Qb2 Rc7 24. Rfc1 Qf4 25. Qa2 Bf5 26. Bb5 Rd8 27. a5 Qd6
28. axb6 axb6 29. Qb2 Rdc8 30. Ra6 Be4 31. Bf1 Rc6 32. Qa3 Qg6 33. Ra8 Bd3 34.
Rxc8+ Rxc8 35. Bxd3 Qxd3 36. h3 Qd2 37. Qa1 g6 38. Qb1 Rxc3 39. Rxc3 Qxc3 40.
Qxb6 Qc1+ 1/2-1/2

[Event "ACP Women Cup 2012"]
[Site "Tbilisi GEO"]
[Date "2012.02.20"]
[Round "7.5"]
[White "Kosteniuk, Alexandra"]
[Black "Zatonskih, Anna"]
[Result "0-1"]
[WhiteTitle "GM"]
[BlackTitle "IM"]
[WhiteElo "2448"]
[BlackElo "2506"]
[WhiteFideId "4128125"]
[BlackFideId "14101572"]
[EventDate "2012.02.18"]

1. e4 e6 2. d4 d5 3. Nc3 Nf6 4. e5 Nfd7 5. f4 c5 6. Nf3 Nc6 7. Be3 Qb6 8. Na4
Qa5+ 9. c3 cxd4 10. b4 Qc7 11. Nxd4 Nxd4 12. Bxd4 Nb8 13. Bd3 Nc6 14. Bc5 Bxc5
15. Nxc5 O-O 16. O-O f6 17. exf6 Rxf6 18. Qh5 g6 19. Qg5 Kg7 20. Rf3 a5 21. Rc1
b6 22. Nb3 a4 23. Nd2 Nxb4 24. Bb1 Nc6 25. Rcf1 Ba6 26. R1f2 Raf8 27. Rh3 Kg8
28. Qh6 Qg7 29. Qh4 e5 30. Rhf3 e4 31. Rh3 Ne7 32. Qg5 Nf5 33. Nf1 Bxf1 34. Rxf1
Rc6 35. Rc1 Rfc8 36. Kh1 b5 37. a3 Qe7 38. Qg4 Qxa3 39. Qd1 Qc5 40. Ba2 Rd6 41.
g4 Ne3 42. Qe2 Nc4 43. f5 Rf8 44. Rf1 Rdf6 45. Qe1 gxf5 46. Qh4 Qc7 47. gxf5 Kh8
48. Qg5 Qg7 49. Qh5 Qf7 50. Qd1 Rxf5 51. Rg1 Qf6 52. Rhg3 Rf1 53. Qxd5 Rxg1+ 54.
Rxg1 e3 55. Bb1 Qf3+ 56. Qxf3 Rxf3 57. Be4 Rf6 58. Kg2 a3 59. Rd1 Ra6 60. Kf3 a2
61. Ra1 Nd2+ 0-1

[Event "ACP Women Cup 2012"]
[Site "Tbilisi GEO"]
[Date "2012.02.20"]
[Round "8.3"]
[White "Kosintseva, Nadezhda"]
[Black "Kosteniuk, Alexandra"]
[Result "0-1"]
[WhiteTitle "GM"]
[BlackTitle "GM"]
[WhiteElo "2537"]
[BlackElo "2448"]
[WhiteFideId "4134974"]
[BlackFideId "4128125"]
[EventDate "2012.02.18"]

1. e4 e5 2. Nf3 Nf6 3. d4 Nxe4 4. Bd3 d5 5. Nxe5 Nd7 6. O-O Nxe5 7. dxe5 Nc5 8.
f4 Qh4 9. Be3 Be7 10. Be2 c6 11. Nd2 Bf5 12. Nf3 Qh6 13. Nd4 Be4 14. Bf3 g6 15.
Qe2 Qg7 16. Bxe4 Nxe4 17. c4 Rd8 18. cxd5 Rxd5 19. Nf3 Nc5 20. Rad1 O-O 21. Rxd5
cxd5 22. Rd1 Rd8 23. Qb5 Qf8 24. f5 a6 25. Qe2 Ne4 26. f6 Bc5 27. Nd2 Ng5 28.
Nb3 Bxe3+ 29. Qxe3 Ne6 30. h3 Kh8 31. Kh2 h6 32. Nd4 Nc5 33. Rc1 Kh7 34. b4 Nd7
35. a3 Re8 36. Nf3 Nxf6 37. Rc7 Ne4 38. Rxb7 Re7 39. Rb6 Qc8 40. Qf4 Kg7 41. Qe3
Re6 42. Rxe6 Qxe6 43. Qd4 g5 44. a4 h5 45. Kg1 g4 46. hxg4 hxg4 47. Ne1 g3 48.
Nf3 Kg8 49. Qe3 Qc6 50. Nd4 Qxa4 51. Qc1 Qxb4 52. Qc8+ Qf8 53. Qg4+ Qg7 54. Qc8+
Kh7 55. Qf5+ Qg6 56. Qf4 Nc3 57. Qh4+ Kg7 58. Qf6+ Qxf6 59. exf6+ Kxf6 60. Kf1
Ke5 61. Nc6+ Ke4 62. Ke1 Ke3 63. Nb4 a5 64. Nc2+ Kd3 65. Na3 f5 66. Kf1 Kd2 67.
Kg1 Kc1 0-1

[Event "ACP Women Cup 2012"]
[Site "Tbilisi GEO"]
[Date "2012.02.20"]
[Round "8.4"]
[White "Muzychuk, Anna"]
[Black "Cramling, Pia"]
[Result "0-1"]
[WhiteTitle "IM"]
[BlackTitle "GM"]
[WhiteElo "2580"]
[BlackElo "2491"]
[WhiteFideId "14111330"]
[BlackFideId "1700030"]
[EventDate "2012.02.18"]

1. e4 c5 2. Nc3 e6 3. g3 d5 4. exd5 exd5 5. Bg2 Nf6 6. d3 d4 7. Ne4 Nxe4 8. dxe4
Be7 9. Ne2 O-O 10. O-O Nc6 11. c3 Bf6 12. cxd4 Nxd4 13. Nc3 Be6 14. f4 Bc4 15.
Rf2 Ne2+ 16. Rxe2 Qxd1+ 17. Nxd1 Bxe2 18. e5 Bxd1 19. exf6 Rad8 20. fxg7 Rfe8
21. Bxb7 Bg4 0-1

[Event "ACP Women Cup 2012"]
[Site "Tbilisi GEO"]
[Date "2012.02.20"]
[Round "8.5"]
[White "Mamedjarova, Zeinab"]
[Black "Kosintseva, Tatiana"]
[Result "0-1"]
[WhiteTitle "WGM"]
[BlackTitle "GM"]
[WhiteElo "2318"]
[BlackElo "2513"]
[WhiteFideId "13401521"]
[BlackFideId "4133471"]
[EventDate "2012.02.18"]

1. d4 Nf6 2. c4 e6 3. Nf3 Bb4+ 4. Nbd2 O-O 5. g3 d5 6. Qc2 c5 7. a3 Bxd2+ 8.
Bxd2 cxd4 9. Nxd4 e5 10. Nf3 e4 11. Nd4 Nc6 12. Nxc6 bxc6 13. Bg2 Bg4 14. h3 Bf5
15. Qa4 d4 16. Qxc6 Rc8 17. Qa6 e3 18. fxe3 Ne4 19. Bxe4 Bxe4 20. O-O d3 21. Qa5
dxe2 22. Rf4 Rxc4 23. Re1 Qd3 24. Kf2 f5 25. Qe5 Qd7 26. h4 Re8 27. Qa5 Rc2 28.
Bc3 h6 29. h5 Qf7 30. Rh4 Qe7 31. Bd4 Bd3 32. Qd5+ Kh7 33. Rf4 Be4 34. Qa5 Qf7
35. Qxa7 Qxa7 36. Bxa7 Rxb2 37. Rxe2 Rb1 38. Bd4 Rc8 39. g4 Rcc1 40. gxf5 Rf1+
41. Kg3 Rg1+ 42. Kh3 Bd3 43. Rb2 Rh1+ 44. Rh2 Rhg1 45. Rb2 Rbe1 46. e4 Rg5 47.
Rb7 Rh1# 0-1

[Event "ACP Women Cup 2012"]
[Site "Tbilisi GEO"]
[Date "2012.02.20"]
[Round "8.6"]
[White "Cmilyte, Viktorija"]
[Black "Lahno, Kateryna"]
[Result "1/2-1/2"]
[WhiteTitle "GM"]
[BlackTitle "GM"]
[WhiteElo "2503"]
[BlackElo "2557"]
[WhiteFideId "12801259"]
[BlackFideId "14109336"]
[EventDate "2012.02.18"]

1. d4 Nf6 2. c4 g6 3. Nc3 d5 4. Nf3 Bg7 5. Bf4 O-O 6. e3 c5 7. dxc5 Qa5 8. Rc1
dxc4 9. Bxc4 Qxc5 10. Bb3 Nc6 11. O-O Qa5 12. h3 Bf5 13. Qe2 Ne4 14. Nd5 e5 15.
Bg5 Nxg5 16. Nxg5 Qd8 17. h4 h6 18. g4 Bd7 19. Ne4 Qxh4 20. f3 Kh8 21. Rf2 f5
22. Rh2 Qd8 23. Rxh6+ Bxh6 24. Qh2 Kg7 25. Rxc6 Bxc6 26. Qxe5+ Kh7 27. Ndf6+
Rxf6 28. Nxf6+ Kh8 29. Ng8+ Kh7 30. Nf6+ Kh8 31. Ng8+ 1/2-1/2

[Event "ACP Women Cup 2012"]
[Site "Tbilisi GEO"]
[Date "2012.02.21"]
[Round "9.1"]
[White "Lahno, Kateryna"]
[Black "Dzagnidze, Nana"]
[Result "1/2-1/2"]
[WhiteTitle "GM"]
[BlackTitle "GM"]
[WhiteElo "2557"]
[BlackElo "2535"]
[WhiteFideId "14109336"]
[BlackFideId "13601903"]
[EventDate "2012.02.18"]

1. d4 Nf6 2. c4 e6 3. Nf3 b6 4. g3 Ba6 5. Qa4 Bb7 6. Bg2 Be7 7. Nc3 O-O 8. Qc2
c5 9. d5 exd5 10. cxd5 Nxd5 11. Qe4 f5 12. Qc4 b5 13. Qxb5 Nb6 14. Be3 Na6 15.
O-O Nc7 16. Qb3+ d5 17. a4 Rb8 18. Bf4 Bd6 19. Bxd6 Qxd6 20. Nb5 Nxb5 21. axb5
Ra8 22. e3 Kh8 23. Rfd1 a6 24. bxa6 Bxa6 25. Ne5 Bb7 26. Rxa8 Bxa8 27. Ra1 Qxe5
28. Qxb6 c4 29. Ra5 h6 30. Qd4 Qxd4 31. exd4 Rd8 32. Kf1 g6 33. Ke2 Rb8 34. Bxd5
Rxb2+ 35. Ke3 Bxd5 36. Rxd5 Rb3+ 37. Kf4 Rb2 38. Rc5 Rxf2+ 39. Ke5 Kg7 40. Rc7+
Kg8 41. d5 Kf8 42. d6 Ke8 43. h4 g5 44. hxg5 hxg5 45. Ke6 Re2+ 46. Kxf5 Rd2 47.
Ke6 Re2+ 48. Kd5 Rd2+ 49. Kc6 c3 50. Rc8+ Kf7 51. Rc7+ Ke8 52. Rc8+ Kf7 53. Rc7+
Ke8 1/2-1/2

[Event "ACP Women Cup 2012"]
[Site "Tbilisi GEO"]
[Date "2012.02.21"]
[Round "9.2"]
[White "Kosintseva, Tatiana"]
[Black "Cmilyte, Viktorija"]
[Result "1-0"]
[WhiteTitle "GM"]
[BlackTitle "GM"]
[WhiteElo "2513"]
[BlackElo "2503"]
[WhiteFideId "4133471"]
[BlackFideId "12801259"]
[EventDate "2012.02.18"]

1. e4 e5 2. Nf3 Nc6 3. Bb5 f5 4. d3 fxe4 5. dxe4 Nf6 6. O-O d6 7. a3 Be6 8. Nc3
a6 9. Ng5 Bg8 10. Bxc6+ bxc6 11. f4 h6 12. Nf3 Bh7 13. Qe2 Be7 14. Qc4 Qd7 15.
fxe5 d5 16. exd5 cxd5 17. Qe2 Ne4 18. Nd4 Bc5 19. Be3 Bxd4 20. Bxd4 Qe6 21. Nxe4
Bxe4 22. Rf2 Rf8 23. Raf1 Rxf2 24. Rxf2 O-O-O 25. Qe3 Kb7 26. Qb3+ Ka8 27. Qc3
Kb7 28. Qb4+ Kc8 29. Qc5 Qg4 30. h3 Qe6 31. a4 Kd7 32. Kh2 Rb8 33. b3 Rb6 34.
Qf8 Kc6 35. Bxb6 Qxe5+ 36. Qf4 Qxf4+ 37. Rxf4 cxb6 38. c4 Bc2 39. cxd5+ Kxd5 40.
Rb4 b5 41. axb5 a5 42. b6 1-0

[Event "ACP Women Cup 2012"]
[Site "Tbilisi GEO"]
[Date "2012.02.21"]
[Round "9.4"]
[White "Kosteniuk, Alexandra"]
[Black "Muzychuk, Anna"]
[Result "0-1"]
[WhiteTitle "GM"]
[BlackTitle "IM"]
[WhiteElo "2448"]
[BlackElo "2580"]
[WhiteFideId "4128125"]
[BlackFideId "14111330"]
[EventDate "2012.02.18"]

1. d4 Nf6 2. c4 e6 3. Nf3 c5 4. d5 b5 5. dxe6 fxe6 6. cxb5 d5 7. Bf4 Bd6 8. Bxd6
Qxd6 9. Nbd2 O-O 10. e3 a6 11. bxa6 Nc6 12. Be2 e5 13. e4 Nd4 14. Nxd4 cxd4 15.
Qb3 Bxa6 16. Bxa6 Qxa6 17. exd5 e4 18. d6+ Kh8 19. d7 Nxd7 20. Qd5 e3 21. Nf3
Qd3 22. Rd1 Qc2 23. fxe3 Qxg2 24. Rf1 dxe3 25. Qg5 Qxb2 26. Rxd7 Qc3+ 27. Kd1
Rxa2 0-1

[Event "ACP Women Cup 2012"]
[Site "Tbilisi GEO"]
[Date "2012.02.21"]
[Round "10.4"]
[White "Mamedjarova, Zeinab"]
[Black "Kosteniuk, Alexandra"]
[Result "0-1"]
[WhiteTitle "WGM"]
[BlackTitle "GM"]
[WhiteElo "2318"]
[BlackElo "2448"]
[WhiteFideId "13401521"]
[BlackFideId "4128125"]
[EventDate "2012.02.18"]

1. d4 Nf6 2. c4 e6 3. Nf3 b6 4. g3 Bb4+ 5. Nbd2 Bb7 6. a3 Be7 7. Bg2 c5 8. O-O
cxd4 9. Nxd4 Bxg2 10. Kxg2 Qc8 11. e4 d6 12. b4 O-O 13. Bb2 Nbd7 14. Qe2 Qb7 15.
f3 Rfe8 16. Rfe1 Bf8 17. Rad1 Rac8 18. Nb5 a6 19. Nd4 Ne5 20. Rc1 Rc7 21. Rc2
Ng6 22. N4b3 Nd7 23. f4 Rec8 24. Qf3 b5 25. Rec1 Nb6 26. Na5 Qa8 27. Bd4 Nd7 28.
h4 e5 29. Bf2 exf4 30. gxf4 Nf6 31. Bg3 h5 32. e5 Ng4 33. Ne4 dxe5 34. f5 Nf4+
35. Kg1 bxc4 36. Bxf4 exf4 37. Rxc4 Rxc4 38. Rxc4 Qa7+ 39. Kh1 Rxc4 40. Nxc4 Qe7
41. Ng5 Qe1+ 42. Kg2 Qc1 43. Na5 Qd2+ 44. Kg1 Qh2+ 45. Kf1 Qxh4 0-1

[Event "ACP Women Cup 2012"]
[Site "Tbilisi GEO"]
[Date "2012.02.21"]
[Round "10.5"]
[White "Cmilyte, Viktorija"]
[Black "Cramling, Pia"]
[Result "1/2-1/2"]
[WhiteTitle "GM"]
[BlackTitle "GM"]
[WhiteElo "2503"]
[BlackElo "2491"]
[WhiteFideId "12801259"]
[BlackFideId "1700030"]
[EventDate "2012.02.18"]

1. d4 Nf6 2. c4 e6 3. Nf3 Bb4+ 4. Nbd2 O-O 5. a3 Be7 6. e3 b6 7. Bd3 c5 8. O-O
Bb7 9. b3 d6 10. Bb2 Nbd7 11. Re1 a6 12. Qc2 Qc7 13. Rac1 Rac8 14. Qb1 Qb8 15.
h3 h6 16. b4 Qa8 17. e4 cxd4 18. Bxd4 Rfe8 19. Nb3 Bf8 20. Bc3 Nh5 21. Nbd2 Nf4
22. Bf1 Ng6 23. Qb2 Qb8 24. a4 Nde5 25. Nxe5 Nxe5 26. Bd4 Nd7 27. Nb3 Qa8 28. f3
Qb8 29. a5 bxa5 30. Nxa5 Ba8 31. Rb1 Qc7 32. Rec1 Rb8 33. Bc3 Qd8 34. Qd2 Qg5
35. Qf2 Be7 36. Bd2 Qe5 37. Bc3 Qf4 38. g3 Qg5 39. h4 Qg6 40. Kh2 Bd8 41. Nb3
Bc7 42. Bd2 Ne5 43. Be2 f5 44. exf5 Qxf5 45. Rf1 Rf8 46. f4 Ng4+ 47. Bxg4 Qxg4
48. Nd4 e5 49. Qe2 Qxe2+ 50. Nxe2 Be4 51. Rb3 d5 52. cxd5 Bxd5 53. Ra3 Bc4 54.
Rc1 Bxe2 1/2-1/2

[Event "ACP Women Cup 2012"]
[Site "Tbilisi GEO"]
[Date "2012.02.21"]
[Round "10.6"]
[White "Lahno, Kateryna"]
[Black "Kosintseva, Tatiana"]
[Result "1/2-1/2"]
[WhiteTitle "GM"]
[BlackTitle "GM"]
[WhiteElo "2557"]
[BlackElo "2513"]
[WhiteFideId "14109336"]
[BlackFideId "4133471"]
[EventDate "2012.02.18"]

1. d4 Nf6 2. c4 e6 3. Nf3 d5 4. Nc3 Bb4 5. Qa4+ Nc6 6. Bg5 h6 7. Bxf6 Qxf6 8. e3
O-O 9. Be2 Bd7 10. Qb3 dxc4 11. Qxc4 Qg6 12. O-O Bd6 13. Rfd1 Na5 14. Qd3 Qxd3
15. Bxd3 Rfd8 16. Nb5 Bxb5 17. Bxb5 a6 18. Bd3 c5 19. dxc5 Bxc5 20. Rac1 Rac8
21. Kf1 Be7 22. Ke2 Bf6 23. Rxc8 Rxc8 24. Nd4 Nc6 25. Nxc6 Rxc6 26. Be4 Rb6 27.
b3 Rb4 28. f3 g5 29. Rd7 b6 30. Ra7 a5 31. Bc6 Kf8 32. g4 h5 33. h3 hxg4 34.
hxg4 Bb2 35. Rd7 Kg7 36. Be4 a4 37. Bc2 axb3 38. Bxb3 1/2-1/2

[Event "ACP Women Cup 2012"]
[Site "Tbilisi GEO"]
[Date "2012.02.21"]
[Round "11.1"]
[White "Kosintseva, Tatiana"]
[Black "Dzagnidze, Nana"]
[Result "0-1"]
[WhiteTitle "GM"]
[BlackTitle "GM"]
[WhiteElo "2513"]
[BlackElo "2535"]
[WhiteFideId "4133471"]
[BlackFideId "13601903"]
[EventDate "2012.02.18"]

1. e4 c5 2. Nf3 e6 3. d4 cxd4 4. Nxd4 a6 5. Bd3 Bc5 6. Nb3 Be7 7. Qg4 Bf6 8. Qg3
Nc6 9. Nc3 Nge7 10. Bf4 e5 11. Bd2 d6 12. h4 Be6 13. O-O-O Rc8 14. Kb1 h5 15.
Bg5 Ng6 16. Nd5 Bxg5 17. hxg5 h4 18. Qe3 Nce7 19. c4 O-O 20. g3 b5 21. cxb5 Nxd5
22. exd5 Bxd5 23. f3 Bxb3 24. axb3 axb5 25. f4 Qa5 26. Be4 Rc7 27. Rxd6 Ra7 28.
Rxg6 fxg6 29. Bd5+ Rff7 30. Qxe5 Qd8 31. Rd1 Kf8 32. Bf3 Rad7 33. Qc5+ Rfe7 34.
Rh1 Qc7 35. Bc6 Rd6 36. Rc1 b4 37. Qb5 Qd8 38. Qxb4 Rd1 39. gxh4 Rxc1+ 40. Kxc1
Qc7 41. Qc4 Qd6 42. b4 Re1+ 43. Kc2 Qd1+ 0-1

[Event "ACP Women Cup 2012"]
[Site "Tbilisi GEO"]
[Date "2012.02.21"]
[Round "11.2"]
[White "Cramling, Pia"]
[Black "Lahno, Kateryna"]
[Result "1/2-1/2"]
[WhiteTitle "GM"]
[BlackTitle "GM"]
[WhiteElo "2491"]
[BlackElo "2557"]
[WhiteFideId "1700030"]
[BlackFideId "14109336"]
[EventDate "2012.02.18"]

1. d4 Nf6 2. c4 g6 3. Nc3 d5 4. Nf3 Bg7 5. cxd5 Nxd5 6. e4 Nxc3 7. bxc3 c5 8.
Be3 Qa5 9. Bd2 O-O 10. Be2 Bg4 11. O-O Rd8 12. Rb1 cxd4 13. cxd4 Qxa2 14. Ra1
Qb2 15. Rb1 Qa2 16. Ra1 Qb2 17. Rb1 1/2-1/2

[Event "ACP Women Cup 2012"]
[Site "Tbilisi GEO"]
[Date "2012.02.21"]
[Round "11.3"]
[White "Kosteniuk, Alexandra"]
[Black "Cmilyte, Viktorija"]
[Result "1-0"]
[WhiteTitle "GM"]
[BlackTitle "GM"]
[WhiteElo "2448"]
[BlackElo "2503"]
[WhiteFideId "4128125"]
[BlackFideId "12801259"]
[EventDate "2012.02.18"]

1. d4 Nf6 2. c4 e6 3. Nf3 c5 4. d5 d6 5. Nc3 exd5 6. cxd5 g6 7. Bf4 a6 8. a4 Bg7
9. h3 O-O 10. e3 Re8 11. Nd2 Nbd7 12. Be2 Ne5 13. O-O Nfd7 14. a5 b5 15. axb6
Qxb6 16. Ra2 f5 17. Re1 Bb7 18. Bf1 Rec8 19. e4 fxe4 20. Ndxe4 Rf8 21. Bg5 Rae8
22. Qd2 c4 23. Be3 Qc7 24. Ng5 Nc5 25. Rd1 Bc8 26. Nce4 Nxe4 27. Nxe4 Bxh3 28.
Rxa6 Bg4 29. Rc1 Qc8 30. Ra7 Bf3 31. Nxd6 Qg4 32. Qd4 Qxd4 33. Bxd4 Bxd5 34.
Rxg7+ Kxg7 35. Nxe8+ Rxe8 36. f4 1-0

[Event "ACP Women Cup 2012"]
[Site "Tbilisi GEO"]
[Date "2012.02.21"]
[Round "11.6"]
[White "Zatonskih, Anna"]
[Black "Kosintseva, Nadezhda"]
[Result "1/2-1/2"]
[WhiteTitle "IM"]
[BlackTitle "GM"]
[WhiteElo "2506"]
[BlackElo "2537"]
[WhiteFideId "14101572"]
[BlackFideId "4134974"]
[EventDate "2012.02.18"]

1. d4 Nf6 2. c4 e6 3. Nf3 Bb4+ 4. Bd2 a5 5. e3 b6 6. Bd3 Bb7 7. O-O O-O 8. Qe2
d5 9. Nc3 Nbd7 10. a3 Be7 11. e4 dxe4 12. Nxe4 Nxe4 13. Bxe4 Bxe4 14. Qxe4 Nf6
15. Qe2 a4 16. Bc3 c6 17. Rfe1 Qc7 18. Rad1 Rfe8 19. Ne5 Bd6 20. h3 Rac8 21. Ng4
Nxg4 22. Qxg4 Bf8 23. d5 exd5 24. Rxe8 Rxe8 25. cxd5 cxd5 26. Rxd5 Qc6 27. Rd3
b5 28. Rg3 f6 29. Qd4 Kh8 30. Re3 Rxe3 31. Qxe3 Kg8 32. Qd4 Qe6 33. Qd3 Qc6 34.
Qd8 Kf7 35. Qd3 Kg8 36. Qd4 Bc5 37. Qd8+ Kf7 38. Qd3 h6 39. Qd2 1/2-1/2